000 00826 a2200229 4500
003 OSt
005 20230317143833.0
008 220427b2011 vauad||f |||| 001 0 eng d
020 _a9780784411766
040 _cCHAP
082 0 4 _a628.114
_bG88
245 _aGroundwater quantity and quality management /
_cEditado por Aral M. Mustafa y Taylor W. Stewart
264 1 _aReston, Virginia:
_bThe American Society of Civil Engineers,
_c2011.
300 _a573 páginas:
_bilustraciones, gráficas.
504 _aIncluye índice y bibliografía
650 7 _92462
_aAgua subterránea
_xContaminación
650 2 _92454
_aAgua subterranea
_xAprovechamiento
650 2 _9186291
_aAgua subterranea
_xCalidad
700 1 _9186290
_aMustafa, M. Aral
_eEditor.
700 1 _9186289
_aStewart, W. Taylor
_eEditor.
942 _2ddc
_cLIBRO
999 _c209227
_d209227